000 00509nam a2200193Ia 4500
003 GCL
008 140319s9999 xx 000 0 eng d
040 _aGCL /
_cGCL
082 0 4 _aP
_b307.14
_bE J
100 1 _aE.J. BRILL
245 1 0 _aJOURNAL OF DEVELOPING SOCIETIES 1985 - 1994 (VOL.1 - 10) /
_cE.J. BRILL
260 _a[S.N] :
_bE. J. BRILL
650 0 4 _aDEVELOPMENT, POLICY
650 0 4 _aSOCIOLOGY
650 0 4 _aSOCIETES
650 0 4 _aDEVELOPING
650 0 4 _aSOCIAL DEVELOPMENT
942 _2ddc
_cCR
999 _c25836
_d25836